000
00325nam a2200145Ia 4500
005
20251222152722.0
008
251222s9999||||xx |||||||||||||| ||spa||
020
_a
8425316642
082
_a
892.4/J66
100
_a
Joffo, Joseph
245
0
_a
Un Saco de Canicas
250
_a
1ra. ed.
264
_b
Grijalbo
942
_c
LIB
999
_c
29623
_d
29623